paroles "Où est la vraie vie" raiponce - Statistiques

Statistiques générales
  • Ce quiz a été pris 1 005 fois
  • Le résultat moyen est 158 sur 190
Statistiques - réponses
% Correct
c'
99%
d'
99%
de
99%
J'
99%
j'
99%
je
99%
Je
99%
m'
99%
et
98%
Et
98%
la
98%
me
98%
s'
98%
à
97%
À
97%
il
97%
Il
97%
se
97%
ma
96%
ou
96%
96%
96%
qu'
96%
rêve
95%
est
94%
fait
94%
heures
94%
livre
94%
que
94%
réveille
94%
sept
94%
ne
93%
dehors
92%
lis
92%
un
92%
vie
92%
couleur
91%
demande
91%
en
91%
vraie
91%
ajoute
90%
brille
90%
clair
90%
deux
90%
faut
90%
maison
90%
trois
90%
même
89%
nettoie
89%
jusqu'
88%
chaque
87%
moi
87%
placard
87%
quart
87%
poussière
86%
Puis
86%
quelques
86%
qui
86%
couleurs
84%
le
84%
Ensuite
82%
plaisent
82%
chasse
80%
suis
80%
tricot
80%
brosse
78%
frotte
77%
fois
76%
manque
76%
cache
75%
chevelure
75%
Dans
75%
Pascal
75%
sûre
75%
plus
74%
ai
73%
cette
72%
mon
72%
Vite
72%
anniversaire
71%
jour
71%
échec
70%
les
70%
mat
70%
soir
70%
art
68%
gâteaux
68%
grandi
67%
lumières
67%
mes
67%
relis
67%
aventures
66%
cire
66%
cookies
66%
épate
66%
livres
65%
balaye
64%
range
64%
y
64%
demain
63%
plastique
63%
prison
63%
aller
62%
quoi
61%
été
60%
soirée
60%
bougies
59%
Gymnastique
59%
pouvoir
59%
Après
58%
grande
58%
ressemble
58%
danse
56%
dois
56%
Comme
55%
élèvent
55%
midi
55%
classique
52%
fléchettes
52%
théatre
51%
mâché
49%
marionettes
49%
Papier
49%
corde
47%
puzzle
41%
Poterie
39%
guitard
15%
Aucun quiz correspondant
Distribution des résultats
% des personnes avec chaque résultat
Percentile par nombre de réponses
Votre historique - résultats
Vous n’avez pas pris ce quiz